| 000 | 01134cam a22003734a 4500 | ||
|---|---|---|---|
| 999 |
_c529826 _d529826 |
||
| 001 | 16258251 | ||
| 003 | NUST | ||
| 005 | 20191003131705.0 | ||
| 008 | 100423s2010 enk 000 1 eng d | ||
| 010 | _a 2010444416 | ||
| 015 |
_aGBA9C2649 _2bnb |
||
| 016 | 7 |
_a015442474 _2Uk |
|
| 020 | _a9780385609500 (hb) | ||
| 020 | _a9780385609517 (tpb) | ||
| 035 | _a(OCoLC)ocn593916640 | ||
| 038 | _awaseem | ||
| 040 |
_aTOH _cTOH _dJOY _dUKM _dYDXCP _dBWK _dDLC |
||
| 042 | _alccopycat | ||
| 050 | 0 | 0 |
_aPR6058.A68828 _bB59 2010 |
| 082 | 0 | 4 |
_a823.914 _bHAR |
| 100 | 1 |
_aHarris, Joanne, _d1964- _922723 |
|
| 245 | 1 | 0 |
_aBlueeyedboy / _cJoanne Harris. |
| 246 | 3 | _aBlue eyed boy | |
| 260 |
_aLondon : _bDoubleday, _c2010. |
||
| 300 |
_a410 p. ; _c24 cm. |
||
| 650 | 0 |
_aDysfunctional families _vFiction. _922724 |
|
| 650 | 0 |
_aSerial murderers _vFiction. _912019 |
|
| 650 | 0 |
_aMother and child _vFiction. _922725 |
|
| 650 | 0 |
_aBlogs _vFiction. _922726 |
|
| 655 | 7 |
_aSuspense fiction. _2gsafd _94577 |
|
| 906 |
_a7 _bcbc _ccopycat _d2 _encip _f20 _gy-gencatlg |
||
| 942 |
_2ddc _cBK |
||